Statistiken für Top 10 Länder beim Waffenexport

Klicken Sie hier um das Quiz zu spielen!

Allgemein

  • Dieses Quiz wurde 277 mal gespielt
  • Das Durchschnittsergebnis liegt bei 8 aus 10

Antwortstatistiken

Millionen US $Land% Korrekt
47,169Vereinigte Staaten
100%
7,946Deutschland
97%
9,132China
95%
33,186Russland
94%
9,132Frankreich
93%
6,586Vereinigtes Königreich
85%
3,823Italien
83%
3,958Spanien
81%
3,677Ukraine
40%
3,233Israel
32%

Verteilung der Resultate

Perzentil nach korrekt beantworteten Fragen

Anzahl Personen mit jedem Resultat

Ihre Resultats-Entwicklung

Sie haben dieses Quiz noch nicht gespielt